[Event "FSIM October 2012"]
[Site "Budapest HUN"]
[Date "2012.10.16"]
[Round "10.3"]
[White "Hou,Qiang"]
[Black "Gajek,R"]
[Result "0-1"]
[WhiteElo "2339"]
[BlackElo "2208"]

1.e4 c5 2.Nf3 d6 3.Bb5+ Bd7 4.Bxd7+ Qxd7 5.c4 Nc6 6.Nc3 g6 7.d4 cxd4 8.Nxd4 Bg7
9.Be3 Nf6 10.h3 O-O 11.O-O Rac8 12.Rc1 Nxd4 13.Qxd4 a6 14.Qd3 Rfe8 15.Rfd1 Qc6
16.b3 Nd7 17.f3 Be5 18.Nd5 e6 19.Nc3 Nc5 20.Qd2 Red8 21.Ne2 Qe8 22.b4 Na4
23.Bd4 b5 24.cxb5 axb5 25.Bxe5 dxe5 26.Rxc8 Rxc8 27.Qg5 Nb2 28.Rc1 Nd3 29.Rxc8 Qxc8
30.Qd2 Qc4 31.a3 Qb3 32.Nc3 Qc4 33.Kh2 Kg7 34.Ne2 f6 35.Qc3 Kf7 36.Qxc4 bxc4
37.Kg1 Ke7 38.Nc3 Kd6 39.Kf1 g5 40.g3 h5 41.h4 gxh4 42.gxh4 Kc6 43.Ke2 Nf4+
44.Kf2 Nd3+ 45.Ke2 Nf4+ 46.Kf2 Nd3+ 47.Ke3 f5 48.Kd2 f4 49.Nb1 Kb5 50.Kc3 Ne1
51.Nd2 Ng2 52.Nxc4 Nxh4 53.Nxe5 Ng2 54.a4+ Kb6 55.b5 Ne3 56.Nd3 h4 57.Nxf4 Ka5
58.Kd4 Nc2+ 59.Kc5 e5 60.b6 exf4 61.b7 Nb4 62.e5 h3 63.e6 h2 64.e7 h1=Q 65.e8=Q Qg1+
66.Kc4 Qc1+ 67.Kd4 Qd2+ 68.Kc4 Qd3+  0-1

[Event "Spice Cup Open"]
[Site "Saint Louis USA"]
[Date "2012.10.16"]
[Round "1"]
[White "Ostrovskiy,Al"]
[Black "Corrales Jimenez,F"]
[Result "0-1"]
[WhiteElo "2377"]
[BlackElo "2605"]

1.e4 c5 2.Nf3 d6 3.Bb5+ Nd7 4.d4 cxd4 5.Qxd4 a6 6.Bxd7+ Bxd7 7.c4 e5 8.Qd3 Rc8
9.O-O h6 10.Nc3 Nf6 11.b3 Be7 12.a4 O-O 13.Ba3 Re8 14.Rfd1 Rc6 15.c5 Bf8
16.cxd6 Re6 17.Nd5 Bxd6 18.Bb2 Qe8 19.Nd2 Bc8 20.Nc4 Bf8 21.Rac1 Nd7 22.b4 Rg6
23.b5 axb5 24.axb5 Rc5 25.Ba3 h5 26.Bxc5 Nxc5 27.Qe3 Bg4 28.Rd2 h4 29.Nc7 Qc8
30.Nd5 Nd7 31.Rdc2 Qd8 32.Nd2 Nf6 33.Nxf6+ gxf6 34.h3 Be6 35.Qc3 Bh6 36.Re1 f5
37.exf5 Bxf5 38.Ne4 Bf4 39.Rce2 Kg7 40.Kh1 Qd5 41.Qf3 Be6 42.Rb1 b6 43.Ree1 f5
44.Nc3 Qxf3 45.gxf3 Bd2 46.Ne2 Bxe1 47.Rxe1 Bd5 48.Ng1 Kf6 49.Ra1 Kg5 50.Ra4 f4
51.Kg2 Kf5+ 52.Kf1 Rg8 53.Ne2 Bxf3  0-1

[Event "FSFMB October 2012"]
[Site "Budapest HUN"]
[Date "2012.10.17"]
[Round "11.4"]
[White "Lakat,G"]
[Black "Mihajlova,D"]
[Result "1-0"]
[WhiteElo "1893"]
[BlackElo "1454"]

1.e4 c5 2.Nf3 d6 3.Bb5+ Nd7 4.O-O a6 5.Bxd7+ Bxd7 6.Re1 e5 7.c3 Be7 8.d4 Bg4
9.Be3 Nf6 10.Nbd2 d5 11.Qb3 b5 12.Nxe5 c4 13.Qc2 Qc7 14.exd5 O-O 15.a4 Bd6
16.Bg5 Bxe5 17.Rxe5 Nd7 18.Re7 f5 19.h3 Be2 20.Rxe2 Nb6 21.d6 Qd7 22.Be7 Rf7
23.Nf3 Rxe7 24.Rxe7 Qxd6 25.Rae1 Rf8 26.R1e6 Qd8 27.Ne5 Nd5 28.Rd7 Qc8 29.Rc6  1-0

[Event "28th European Club Cup"]
[Site "Eilat ISR"]
[Date "2012.10.17"]
[Round "7.1"]
[White "Bologan,V"]
[Black "Topalov,V"]
[Result "0-1"]
[WhiteElo "2695"]
[BlackElo "2751"]

1.e4 c5 2.Nf3 d6 3.Bb5+ Nd7 4.O-O a6 5.Bxd7+ Bxd7 6.d4 cxd4 7.Qxd4 e5 8.Qd3 h6
9.c4 b5 10.Nfd2 Nf6 11.Nc3 Qb8 12.a4 bxa4 13.Nxa4 Be7 14.Nc3 O-O 15.b3 Bc6
16.Ba3 a5 17.Rfd1 Rd8 18.f3 Ra7 19.Kh1 Rb7 20.Rdb1 Rc8 21.Rd1 Rd8 22.Ra2 Nd7
23.Qc2 Bg5 24.Nf1 Nf8 25.Ne2 Ne6 26.Rd3 Qa7 27.Qd1 Qb6 28.Ra1 Qf2 29.Nc3 Nc5
30.Bxc5 Qxc5 31.Nd5 Rdb8 32.Nfe3 g6 33.h3 h5 34.Qc2 h4 35.Qa2 Kg7 36.Ng4 a4
37.f4 Rxb3 38.Rxb3 axb3 39.Qb2 Bxd5 40.Nxe5 dxe5  0-1

[Event "Spice Cup Open"]
[Site "Saint Louis USA"]
[Date "2012.10.17"]
[Round "3"]
[White "Ostrovskiy,Al"]
[Black "Jayakumar,A"]
[Result "1-0"]
[WhiteElo "2377"]
[BlackElo "2290"]

1.e4 c5 2.Nf3 d6 3.Bb5+ Nd7 4.d4 cxd4 5.Qxd4 a6 6.Bxd7+ Bxd7 7.c4 h6 8.O-O e5
9.Qd3 Nf6 10.Nc3 Be7 11.Rd1 O-O 12.c5 dxc5 13.Bxh6 Qc7 14.Bg5 c4 15.Qe2 Be6
16.Nd5 Nxd5 17.exd5 Bg4 18.Bxe7 Qxe7 19.Qxc4 e4 20.d6 Qe6 21.Qxe6 fxe6 22.Ng5 Bxd1
23.Rxd1 Rf6 24.Nxe4 Rf5 25.Rc1 Rd8 26.f3 Rff8 27.Rc7 Rf7 28.Rc5 Rf5 29.b4 a5
30.a3 b6 31.Rc4 Rd5 32.Kf2 b5 33.Rc6 axb4 34.axb4 Kf7 35.Rc7+ Kg6 36.Ke3 Ra8
37.Rc5 Ra3+ 38.Kf4 Rad3 39.g4 e5+ 40.Kg3 R5d4 41.Rxe5 Rxb4 42.h4 Rbd4 43.h5+ Kf7
44.Ng5+ Kf8 45.Ne6+ Kf7 46.Nxd4 Rxd4 47.Rxb5 Rxd6 48.Kf4 Rd4+ 49.Kg5 Ra4
50.Rb7+ Kg8 51.Rb8+ Kh7 52.Rb5 Ra6 53.f4 Rc6 54.Rd5 Ra6 55.Kf5 Rf6+ 56.Ke4 Ra6
57.g5 Ra1 58.Rd7 Kg8 59.Kf5 Ra5+ 60.Kg4 Ra4 61.Rd6 Ra7 62.h6 gxh6 63.Rxh6 Kg7
64.Rb6  1-0

[Event "Spice Cup Open"]
[Site "Saint Louis USA"]
[Date "2012.10.18"]
[Round "5"]
[White "Ostrovskiy,Al"]
[Black "Troff,Kayden W"]
[Result "0-1"]
[WhiteElo "2377"]
[BlackElo "2312"]

1.e4 c5 2.Nf3 d6 3.Bb5+ Nc6 4.Bxc6+ bxc6 5.O-O g6 6.e5 d5 7.h3 Bg7 8.Qe2 Nh6
9.d3 Nf5 10.c3 e6 11.b3 Qb6 12.g4 Ne7 13.c4 h5 14.Nc3 hxg4 15.hxg4 f6 16.Na4 Qc7
17.Bb2 g5 18.Nxc5 Ng6 19.Rfe1 Bf8 20.exf6 Bxc5 21.f7+ Kf8 22.Bxh8 Qg3+ 23.Kh1 Qh3+
24.Nh2 Qxh8 25.f4 Nxf4 26.Qd2 Kxf7 27.Rf1 e5 28.cxd5 cxd5 29.Qa5 Bb6 30.Qxd5+ Be6
31.Qb7+ Kf6 32.Rae1 Qxh2+ 33.Kxh2 Rh8+  0-1

[Event "7th Americas Continental 2012"]
[Site "Mar del Plata ARG"]
[Date "2012.10.19"]
[Round "9.34"]
[White "Estrada Nieto,J"]
[Black "Gascon,Jose Rafael"]
[Result "1/2-1/2"]
[WhiteElo "2310"]
[BlackElo "2206"]

1.e4 c5 2.Nf3 d6 3.Bb5+ Nd7 4.d4 Nf6 5.Nc3 cxd4 6.Qxd4 e5 7.Qd3 h6 8.Be3 Be7
9.a4 O-O 10.O-O Qc7 11.Rfd1 Nc5 12.Bxc5 Qxc5 13.Bc4 Be6 14.Nd5 Nxd5 15.Bxd5 Rab8
16.Qb3 Bg4 17.Rd3 Qa5 18.h3 Bd7 19.Qa3 Qd8 20.Nd2 Kh8 21.Qb3 b5 22.a5 Be8
23.Rf3 Bg5 24.Nf1 Qe7 25.Qb4 g6 26.Rd1 f5 27.Bb3 Bc6 28.Bd5 Be8 29.Bb3 Bc6
30.Bd5 Be8  1/2-1/2

[Event "Spice Cup Open"]
[Site "Saint Louis USA"]
[Date "2012.10.19"]
[Round "8"]
[White "Kiewra,K"]
[Black "Bregadze,L"]
[Result "1/2-1/2"]
[WhiteElo "2442"]
[BlackElo "2366"]

1.e4 c5 2.Nf3 d6 3.Bb5+ Bd7 4.Bxd7+ Qxd7 5.O-O Nc6 6.c3 d5 7.exd5 Qxd5 8.d4 e6
9.Be3 cxd4 10.cxd4 Qd7 11.Nc3 Bd6 12.Qb3 Nge7 13.Rad1 Na5 14.Qc2 O-O 15.Ng5 Ng6
16.h4 Rfc8 17.Nxh7 Kxh7 18.h5 f5 19.hxg6+ Kxg6 20.Qe2 Rh8 21.f4 Rh6 22.d5 Rah8
23.Qb5 Qxb5 24.Nxb5 Nc4 25.Bxa7 Nxb2 26.Rd4 Be7 27.dxe6 b6 28.Nd6 Rd8 29.Nxf5 Kxf5
30.Bxb6 Rxd4 31.Bxd4 Nd3 32.Rf3 Ke4 33.Bxg7 Bc5+ 34.Kf1 Rh1+ 35.Ke2 Nxf4+
36.Kd2 Nxe6 37.Bc3 Rg1 38.Rg3 Nf4 39.Rg8 Be3+ 40.Kc2 Rc1+ 41.Kb3 Nd5 42.Bb2 Rc7
43.a3 Kd3 44.Rd8 Rb7+ 45.Ka2 Kc4 46.Rc8+ Bc5 47.g4 Rf7 48.g5 Rf2 49.Kb1 Rf1+
50.Ka2 Rf2 51.Kb1 Rg2 52.Bf6 Nxf6 53.gxf6 Rf2 54.Rc6 Kb5 55.Re6 Bxa3 56.f7 Rxf7
57.Kc2 Rf3 58.Kd2 Bc5 59.Re4 Kc6 60.Ke2 Rh3 61.Re5 Kd6 62.Rg5 Bd4 63.Ra5 Bc5
64.Ra8 Re3+ 65.Kd2 Kd5 66.Rd8+ Kc4 67.Rc8 Re6 68.Rc7 Rf6 69.Ke1 Rf5 70.Ke2 Rf2+
71.Ke1 Rh2 72.Rc8 Kd5 73.Re8 Bd4 74.Re2 Rh1+ 75.Kd2 Kc4 76.Rg2 Rh3 77.Ke2 Re3+
78.Kd2 Re4 79.Rg3 Be5 80.Rg2 Bf4+ 81.Kc2 Re3 82.Rg8 Rc3+ 83.Kd1 Kd3 84.Rd8+ Ke3
85.Rd2 Ke4 86.Rc2 Rd3+ 87.Ke2 Be3 88.Ra2 Rb3 89.Kd1 Rc3 90.Ke2 Bd4 91.Kd1 Rc6
92.Rc2 Ra6 93.Re2+ Be3 94.Rb2 Rc6 95.Ke2 Bd4 96.Ra2 Rg6 97.Ra3 Rg2+ 98.Kd1 Be3
99.Ra8 Rd2+ 100.Ke1 Rb2 101.Kd1 Bd4 102.Ra3  1/2-1/2

[Event "16th Unive Open"]
[Site "Hoogeveen NED"]
[Date "2012.10.20"]
[Round "2"]
[White "Van Delft,M"]
[Black "Vroombout,E"]
[Result "1-0"]
[WhiteElo "2395"]
[BlackElo "2243"]

1.e4 c5 2.Nf3 d6 3.Bb5+ Nd7 4.d4 Nf6 5.Nc3 cxd4 6.Qxd4 a6 7.Bxd7+ Nxd7 8.Be3 e6
9.a4 Rb8 10.O-O b6 11.Rfe1 Bb7 12.Rad1 Qc7 13.h4 Rc8 14.Qd2 Be7 15.Bf4 Ne5
16.Nxe5 dxe5 17.Bxe5 Qxe5 18.Qd7+ Kf8 19.Qxb7 Rb8 20.Qxa6 Bxh4 21.Re3 h5
22.Rd7 Rh6 23.Rf3 Rf6 24.Rxf6 Qxf6 25.Qe2 Qh6 26.e5 Kg8 27.g3 Qc1+ 28.Kg2 Bg5
29.Ne4 Bh6 30.b3 h4 31.Rd1 Qb2 32.Nd6 Qc3 33.gxh4 Bf4 34.Nc4 b5 35.axb5 f6
36.Rd3 Qa1 37.b6 fxe5 38.Qe4 Rf8 39.Rh3 Qd1 40.Rf3 Qd8 41.Nxe5 Qxh4 42.Ng6 Qh2+
43.Kf1 Qh1+ 44.Ke2 Rd8 45.Qxe6+  1-0

[Event "16th Unive Open"]
[Site "Hoogeveen NED"]
[Date "2012.10.20"]
[Round "2"]
[White "Hendriks,W"]
[Black "Lindgren,P"]
[Result "1-0"]
[WhiteElo "2437"]
[BlackElo "2265"]

1.e4 c5 2.Nf3 d6 3.Bb5+ Bd7 4.Bxd7+ Qxd7 5.c4 Nf6 6.Nc3 g6 7.d4 cxd4 8.Nxd4 Bg7
9.h3 Qc7 10.b3 Qa5 11.Bd2 Nxe4 12.Nxe4 Qe5 13.Qb1 f5 14.Bc3 Qxe4+ 15.Qxe4 fxe4
16.Nb5 Bxc3+ 17.Nxc3 Rf8 18.Nxe4 Rf5 19.O-O Na6 20.Rfe1 Kd7 21.Nc3 Raf8 22.Re2 Nc5
23.Rd1 a5 24.f3 g5 25.Nd5 R5f7 26.Re3 h5 27.a3 Na6 28.Nc3 Rf5 29.Ne2 Rc5
30.Nc3 Nc7 31.Ne4 Re5 32.Nxd6 Rxe3 33.Nf5+ Kc6 34.Nxe3 b5 35.cxb5+ Nxb5 36.Rc1+ Kb6
37.Nd5+ Kb7 38.Rc5 Nxa3 39.Rxa5 e6 40.Ne3 Nb1 41.Rxg5 Nd2 42.Rxh5 Nxf3+ 43.gxf3 Rxf3
44.Nc4  1-0

[Event "7th Americas Continental 2012"]
[Site "Mar del Plata ARG"]
[Date "2012.10.20"]
[Round "10.41"]
[White "Batista,Ger"]
[Black "Sanchez Sandoval,Gonzalo"]
[Result "1/2-1/2"]
[WhiteElo "2233"]
[BlackElo "2029"]

1.e4 c5 2.Nf3 d6 3.Bb5+ Bd7 4.Bxd7+ Qxd7 5.O-O Nc6 6.Qe2 Nf6 7.Rd1 g5 8.c3 g4
9.Nh4 Bh6 10.Nf5 Bg5 11.d4 Bxc1 12.Rxc1 O-O-O 13.Na3 d5 14.Ng3 h5 15.e5 h4
16.exf6 hxg3 17.fxg3 exf6 18.Rf1 Rh6 19.Rf4 f5 20.Raf1 Ne7 21.dxc5 Rdh8 22.Nb5 Rxh2
23.Nd6+ Kb8 24.Rb4 b6 25.Nxf7 Rh1+ 26.Kf2 Rxf1+ 27.Kxf1 Rh1+ 28.Kf2  1/2-1/2

[Event "Danilo Batricevic Mem Balkan GP"]
[Site "Cetinje MNE"]
[Date "2012.10.21"]
[Round "2.25"]
[White "Zivkovic,Slaven"]
[Black "Kovacevic,N"]
[Result "1-0"]
[WhiteElo "1724"]
[BlackElo "2120"]

1.e4 c5 2.Nf3 d6 3.Bb5+ Bd7 4.Bxd7+ Qxd7 5.O-O e6 6.c3 Nf6 7.Re1 Be7 8.d4 O-O
9.dxc5 dxc5 10.Qxd7 Nbxd7 11.Bg5 h6 12.Bh4 g5 13.Bg3 Nh5 14.Na3 Nxg3 15.hxg3 g4
16.Nh2 h5 17.f3 Ne5 18.Rad1 Rad8 19.c4 a6 20.b3 Kg7 21.Nc2 Rg8 22.Ne3 Kf8
23.Rxd8+ Bxd8 24.Rd1 Ke8 25.f4 Nc6 26.e5 Nd4 27.Nhf1 Bc7 28.Kf2 Bd8 29.Nd2 f5
30.exf6 Bxf6 31.Ne4 Be7 32.Rh1 h4 33.gxh4 Rf8 34.g3 e5 35.Nd5 Ne6 36.Ke3 exf4+
37.gxf4 Nd4 38.Nxe7 Kxe7 39.Ng3 Kf7 40.h5 Re8+ 41.Kd3 b6 42.Rh4 Rg8 43.h6 Nf3
44.Rh1 Kg6 45.h7 Rd8+ 46.Ke4 Rh8 47.f5+ Kg7 48.Kf4 Rxh7 49.Rxh7+ Kxh7 50.Kxg4 Ne5+
51.Kg5 b5 52.Kf6 Ng4+ 53.Ke7 bxc4 54.bxc4 Ne5 55.f6 Kg6 56.Ne4  1-0

[Event "Balkan GP Cetinje 2012"]
[Site "Cetinje MNE"]
[Date "2012.10.21"]
[Round "3"]
[White "Spasov,V"]
[Black "Ivanovic,B"]
[Result "1-0"]
[WhiteElo "2566"]
[BlackElo "2427"]

1.e4 c5 2.Nf3 d6 3.Bb5+ Nd7 4.d4 cxd4 5.Qxd4 a6 6.Bxd7+ Bxd7 7.Nc3 e5 8.Qd3 Nf6
9.Bg5 Be6 10.O-O Rc8 11.Rfd1 h6 12.Bxf6 Qxf6 13.Nd2 Qd8 14.Nf1 Bc4 15.Qd2 Be7
16.Ne3 Bg5 17.Qxd6 Qxd6 18.Rxd6 Bxe3 19.fxe3 O-O 20.Rad1 f5 21.exf5 Rxf5
22.Rd8+ Rf8 23.Rxc8 Rxc8 24.a3 Rc7 25.Kf2 Bf7 26.Rd6 Kh7 27.e4 Bc4 28.Ke3 Bf7
29.Rd2 Kg8 30.Nd5 Rc5 31.c3 Be6 32.Nb4 Kf7 33.Nd3 Ra5 34.Rd1 Ke7 35.Rf1 Bc4
36.Rf5 Ke6 37.Rf8 Bb3 38.Rb8  1-0

[Event "Balkan GP Cetinje 2012"]
[Site "Cetinje MNE"]
[Date "2012.10.21"]
[Round "3"]
[White "Organdziev,O"]
[Black "Bogosavljevic,B"]
[Result "0-1"]
[WhiteElo "2311"]
[BlackElo "2497"]

1.e4 c5 2.Nf3 d6 3.Bb5+ Bd7 4.Bxd7+ Qxd7 5.O-O Nf6 6.Re1 g6 7.c3 Bg7 8.d4 O-O
9.h3 Nc6 10.d5 Na5 11.Nbd2 b5 12.Rb1 e6 13.dxe6 Qxe6 14.e5 dxe5 15.Rxe5 Qxa2
16.Rxc5 Rad8 17.Qc2 a6 18.Nd4 Rfe8 19.N2f3 Ne4 20.Rc7 Nc4 21.Bf4 b4 22.cxb4 Bxd4
23.Rxc4 Nc3 24.Rxd4 Rxd4 25.Be3 Qxb1+ 26.Qxb1 Nxb1 27.Nxd4 f5 28.Kf1 Re4
29.Ne2 Rxb4 30.Bc1 Rb7 31.Ke1 Rd7 32.Be3 a5 33.g4 fxg4 34.hxg4 a4 35.Ng3 Nc3
36.Bd2 Re7+ 37.Kf1 Ne4 38.Bf4 Nxg3+ 39.Bxg3 Kf7 40.Bd6 Rb7 41.Be5 Ke6 42.Bh8 h5
43.gxh5 gxh5 44.Kg2 Kf5 45.Bc3 Rb3 46.Bg7 Kg4  0-1

[Event "7th Americas Continental 2012"]
[Site "Mar del Plata ARG"]
[Date "2012.10.21"]
[Round "11.83"]
[White "Ortiz,Jor"]
[Black "Besso,Guadalupe"]
[Result "0-1"]
[WhiteElo "1932"]
[BlackElo "1730"]

1.e4 c5 2.Nf3 d6 3.Bb5+ Bd7 4.Bxd7+ Qxd7 5.d4 cxd4 6.Nxd4 Nf6 7.Nc3 Nc6 8.O-O g6
9.Re1 Bg7 10.Be3 O-O 11.f3 Rac8 12.Nce2 Ne5 13.b3 b5 14.Rc1 Rc7 15.h3 a6
16.Qd2 Rfc8 17.Bh6 Rc5 18.Bxg7 Kxg7 19.Ng3 Qa7 20.Kh1 Rc3 21.Re3 Rxe3 22.Qxe3 Nc6
23.c3 Nxd4 24.cxd4 Rxc1+ 25.Qxc1 Qxd4 26.Qg5 e6 27.Qc1 Qf2 28.Qf4 Qxa2 29.Qxd6 Qxb3
30.Qxa6 Qb2 31.Qd6 b4 32.Qd3 b3 33.Ne2 Qa1+ 34.Kh2 b2 35.Nc3 Qa3 36.Qc2 Qxc3
37.Qxc3 b1=Q 38.g4 Qb8+ 39.Kg2 Qf4 40.h4 e5 41.Kh3 h5 42.g5 Nxe4 43.fxe4 Qg4+
44.Kh2 Qxh4+ 45.Kg1 Qxg5+  0-1

[Event "Bundesliga 2012-13"]
[Site "Muelheim GER"]
[Date "2012.10.21"]
[Round "2"]
[White "Harikrishna,P"]
[Black "Negi,P"]
[Result "1/2-1/2"]
[WhiteElo "2688"]
[BlackElo "2657"]

1.e4 c5 2.Nf3 d6 3.Bb5+ Bd7 4.c4 Nf6 5.Nc3 Bxb5 6.cxb5 e6 7.O-O Be7 8.d4 cxd4
9.Nxd4 O-O 10.Qe2 Nbd7 11.Rd1 Rc8 12.Nb3 Qc7 13.Be3 Nc5 14.Nxc5 dxc5 15.g3 Rfd8
16.Bf4 Qb6 17.Qf3 Nd7 18.a4 a5 19.h4 c4 20.e5 Nc5 21.Be3 Qc7 22.Bxc5 Bxc5
23.Qf4 f5 24.exf6 Qxf4 25.gxf4 gxf6 26.Ne4 Be7 27.Rac1 Rd5 28.Nc3 Rd3 29.f5 Kf7
30.fxe6+ Kxe6 31.Ne2 Bd6 32.Nd4+ Kf7 33.Nf5 Rd8 34.Re1 Bb4 35.Re4 Kg6 36.Ne3 Bd2
37.Rcxc4 Bxe3 38.Rxe3 Rxe3 39.fxe3 Rd1+ 40.Kf2 Rd2+ 41.Kf3 Rxb2 42.Ke4 Rb3
43.Kf4 h5 44.Ke4 Ra3 45.Kf3 Kf5 46.Rc5+ Kg6 47.Rc4 Ra2 48.Ke4 Ra3 49.Rd4 Rb3
50.Rc4  1/2-1/2

[Event "Danilo Batricevic Mem Balkan GP"]
[Site "Cetinje MNE"]
[Date "2012.10.22"]
[Round "4.3"]
[White "Stojanovic,Da"]
[Black "Damljanovic,B"]
[Result "1/2-1/2"]
[WhiteElo "2488"]
[BlackElo "2572"]

1.e4 c5 2.Nf3 d6 3.Bb5+ Nd7 4.d4 Nf6 5.O-O cxd4 6.Qxd4 e5 7.Qd3 h6 8.c4 a6
9.Bxd7+ Bxd7 10.Nc3 Qc7 11.b3 Be7 12.a4 Bg4 13.h3 Be6 14.Be3 O-O 15.Nh4 Rfe8
16.Nf5 Bf8 17.Rfd1 b6 18.Rac1  1/2-1/2

[Event "16th Unive Open"]
[Site "Hoogeveen NED"]
[Date "2012.10.22"]
[Round "4"]
[White "Hendriks,W"]
[Black "L'Ami,Alina"]
[Result "1/2-1/2"]
[WhiteElo "2437"]
[BlackElo "2376"]

1.e4 c5 2.Nf3 d6 3.Bb5+ Bd7 4.Bxd7+ Qxd7 5.c4 g6 6.d4 cxd4 7.Nxd4 Bg7 8.Nc3 Nf6
9.h3 Qc7 10.b3 Qa5 11.Bd2 Nxe4 12.Nxe4 Qe5 13.Qb1 f5 14.Bc3 Qxe4+ 15.Qxe4 fxe4
16.Nb5 Bxc3+ 17.Nxc3 Rf8 18.Nxe4 Rf5 19.O-O-O Na6 20.Rd2 Kd7 21.Nc3 Raf8
22.f3 Nc7 23.Re1 b5 24.cxb5 Nxb5 25.Nd5 e6 26.Ne3 Rc5+ 27.Kb2 e5 28.Nc4 Nd4
29.Re4 Rb8 30.Ne3 g5 31.h4 h6 32.hxg5 hxg5 33.Rg4 a5 34.Nc2 Ne6 35.Ne3 Nd4
36.Nc2 Ne6 37.Ne3 Nd4  1/2-1/2

[Event "NIT Nagpur GM Open 2012"]
[Site "Nagpur IND"]
[Date "2012.10.22"]
[Round "10.7"]
[White "Ankit,R"]
[Black "Vishnu,P"]
[Result "1-0"]
[WhiteElo "2397"]
[BlackElo "2473"]

1.e4 c5 2.Nf3 d6 3.Bb5+ Nd7 4.d4 Nf6 5.O-O cxd4 6.Qxd4 a6 7.Bxd7+ Bxd7 8.Bg5 h6
9.Bxf6 gxf6 10.Nc3 e6 11.Nd2 Rc8 12.Nc4 Rc6 13.a4 b6 14.Rfe1 Be7 15.Re3 Kf8
16.Rd1 Qc7 17.b3 Rg8 18.Red3 Rg5 19.Qe3 h5 20.h4 Rg6 21.Qd2 Kg7 22.Ne2 b5
23.axb5 axb5 24.Ne3 Kf8 25.Nf4 Rg8 26.Ra1 Qb8 27.b4 Rc8 28.Nxh5 Rh8 29.Qe2 Qb7
30.Qg4 Rg8 31.Qf4 Rg6 32.Ng3 Ra8 33.Rda3 Ra4 34.Qf3 Qa7 35.Ng4 Qd4 36.c3 Qd2
37.Rxa4 bxa4 38.h5 Rg5 39.Nxf6 Bxf6 40.Qxf6  1-0

[Event "4th Marcel Duchamp GM"]
[Site "Buenos Aires ARG"]
[Date "2012.10.23"]
[Round "1"]
[White "Felgaer,R"]
[Black "Mareco,S"]
[Result "1/2-1/2"]
[WhiteElo "2579"]
[BlackElo "2581"]

1.e4 c5 2.Nf3 d6 3.Bb5+ Nd7 4.d4 cxd4 5.Qxd4 a6 6.Bxd7+ Bxd7 7.Nc3 e5 8.Qd3 h6
9.Nd2 Rc8 10.Nc4 Be6 11.Nd5 Bxd5 12.exd5 Nf6 13.O-O Be7 14.a4 O-O 15.b3 Nd7
16.Qg3 Kh8 17.Bb2 b5 18.axb5 axb5 19.Na5 Rxc2 20.Nc6 Qe8 21.Ra7 Bh4 22.Qxh4 Rxb2
23.Qh3 Nc5 24.b4 Ne4 25.Re7 Qa8 26.Ra7 Qe8 27.Re7 Qa8 28.Ra7 Qe8  1/2-1/2

[Event "38th Guernsey Open"]
[Site "Guernsey GCI"]
[Date "2012.10.23"]
[Round "3"]
[White "Murray,JS"]
[Black "Lehmann,Stefan"]
[Result "0-1"]
[WhiteElo "1858"]
[BlackElo "1992"]

1.e4 c5 2.Nf3 d6 3.Bb5+ Bd7 4.Bxd7+ Nxd7 5.c4 g6 6.Nc3 Bg7 7.O-O Ngf6 8.d4 cxd4
9.Nxd4 O-O 10.Nde2 Rc8 11.b3 Nxe4 12.Nxe4 Bxa1 13.Bh6 Bg7 14.Bxg7 Kxg7 15.Qd4+ Kg8
16.Qxa7 Qb6 17.Qa3 Rfe8 18.h4 Ra8 19.Qb2 Qa5 20.a4 Qe5 21.Qc2 Nc5 22.N4c3 Rac8
23.Rd1 Qf5 24.Qb2 Nd3  0-1

[Event "Hotel Carilo GM"]
[Site "Pinamar ARG"]
[Date "2012.10.25"]
[Round "4.1"]
[White "Saldano Dayer,H"]
[Black "Bacallao Alonso,Y"]
[Result "1/2-1/2"]
[WhiteElo "2436"]
[BlackElo "2580"]

1.e4 c5 2.Nf3 d6 3.Bb5+ Bd7 4.Bxd7+ Qxd7 5.c4 Nc6 6.Nc3 g6 7.d4 cxd4 8.Nxd4 Bg7
9.Nde2 Nf6 10.f3 O-O 11.O-O Rad8 12.Bg5 h6 13.Bh4 e6 14.Qd2 g5 15.Bf2 d5  1/2-1/2

[Event "Chigorin Mem Rapid"]
[Site "St Petersburg RUS"]
[Date "2012.10.26"]
[Round "5.4"]
[White "Alavkin,A"]
[Black "Khismatullin,D"]
[Result "0-1"]
[WhiteElo "2401"]
[BlackElo "2638"]

1.e4 c5 2.Nf3 d6 3.Bb5+ Nd7 4.d4 cxd4 5.Qxd4 a6 6.Bxd7+ Bxd7 7.O-O Rc8 8.c4 e5
9.Qd3 b5 10.Na3 Qb6 11.Be3 Qb7 12.cxb5 axb5 13.Rac1 Rxc1 14.Rxc1 Nf6 15.Nd2 Be7
16.Nc2 d5 17.exd5 Qxd5 18.Ne1 O-O 19.Rc7 Qe6 20.Bg5 Bc6 21.Qc2 Ba8 22.h3 h6
23.Bh4 Bd6 24.Rc3 Nd5 25.Rb3 Rc8 26.Qd1 Nf4 27.Rc3 Rxc3 28.bxc3 Qxa2 29.Bg3 Ng6
30.Ne4 Bf8 31.Nd6 Qa4 32.Nf5 Qxd1  0-1

[Event "7th Kavalier Open"]
[Site "Vienna AUT"]
[Date "2012.10.26"]
[Round "2.2"]
[White "Infuehr,Jakob"]
[Black "Kilgus,G"]
[Result "0-1"]
[WhiteElo "1859"]
[BlackElo "2400"]

1.e4 c5 2.Nf3 d6 3.Bb5+ Nd7 4.O-O a6 5.Bxd7+ Bxd7 6.Nc3 e5 7.Nd5 Ne7 8.d3 Nxd5
9.exd5 Be7 10.Nd2 O-O 11.f4 exf4 12.Rxf4 f5 13.b3 Bf6 14.Rb1 b5 15.Bb2 Bxb2
16.Rxb2 Qf6 17.Rb1 Rae8 18.Rf2 Qd4 19.Qf3 Re5 20.c4 Re3 21.Qf4 Qxf4 22.Rxf4 Rxd3
23.Nf3 h6 24.h4 Re8 25.Re1 Rxe1+ 26.Nxe1 Rd2 27.Rf2 Rxf2 28.Kxf2 Kf7 29.Nd3 Kf6
30.Kf3 g5 31.hxg5+ hxg5 32.g3 bxc4 33.bxc4 Ba4 34.Ke3 Bc2 35.Ne1 Be4 36.g4 Ke5
37.gxf5 Kxf5  0-1

[Event "7th Kavalier Open"]
[Site "Vienna AUT"]
[Date "2012.10.26"]
[Round "2.6"]
[White "Vrtiakova,Anna"]
[Black "Kuntner,R2"]
[Result "0-1"]
[WhiteElo "1699"]
[BlackElo "2066"]

1.e4 c5 2.Nf3 d6 3.Bb5+ Bd7 4.Bxd7+ Nxd7 5.O-O Ngf6 6.Nc3 e5 7.d3 h6 8.h3 a6
9.a4 Be7 10.Be3 Qc7 11.Qe2 Rc8 12.Nd2 g5 13.Kh1 Nf8 14.g3 Ne6 15.f4 Nd4 16.Qd1 exf4
17.gxf4 Qd7 18.f5 Qc6 19.Ne2 Nxe2 20.Qxe2 Rg8 21.Rg1 d5 22.exd5 Qxd5+ 23.Qf3 Qxf3+
24.Nxf3 Nd5 25.Bd2 f6 26.Rae1 Kf7 27.Re4 Rge8 28.Rge1 Bd6 29.Rxe8 Rxe8 30.Rxe8 Kxe8
31.d4 c4 32.Kg2 Ne7 33.Bc3 Nxf5 34.Nd2 b5 35.axb5 axb5 36.Ne4 Be7 37.d5 Ne3+
38.Kf3 Nxd5 39.Bd4 f5 40.Ng3 f4 41.Nf5 h5 42.c3 Kf7 43.Ke4 Nf6+ 44.Bxf6 Kxf6
45.Nd4 b4 46.cxb4 Bxb4 47.Nf5 f3 48.Ne3 f2 49.Kf3 Bc5 50.Nf1 Ke5  0-1

[Event "4th Marcel Duchamp Open"]
[Site "Buenos Aires ARG"]
[Date "2012.10.27"]
[Round "5.16"]
[White "Bourgeois,W"]
[Black "Nejanky,M"]
[Result "0-1"]
[WhiteElo "1940"]
[BlackElo "2050"]

1.e4 c5 2.Nf3 d6 3.Bb5+ Bd7 4.Bxd7+ Qxd7 5.c4 Nc6 6.Nc3 g6 7.O-O Bg7 8.Re1 Nf6
9.e5 dxe5 10.Nxe5 Nxe5 11.Rxe5 O-O 12.Re1 Rfd8 13.h3 e6 14.Re3 a6 15.Qe2 Nh5
16.Rf3 f5 17.d3 b5 18.Bg5 Re8 19.g4 Nf6 20.Be3 b4 21.Nd1 Qc6 22.Rg3 Nd7 23.gxf5 exf5
24.f4 Re6 25.Nf2 Rae8 26.Re1 Bh6 27.Qf3 Qxf3 28.Rxf3 Bxf4 29.Rxf4 Rxe3 30.Rxe3 Rxe3
31.d4 Re1+ 32.Kg2 Re2 33.b3 Rxa2 34.dxc5 Nxc5 35.Rf3 Rb2  0-1

[Event "Trophee Karpov Preliminary 2012"]
[Site "Cap d'Agde FRA"]
[Date "2012.10.27"]
[Round "3"]
[White "Bauer,Ch"]
[Black "Sebag,M"]
[Result "0-1"]
[WhiteElo "2664"]
[BlackElo "2521"]

1.e4 c5 2.Nf3 d6 3.Bb5+ Nc6 4.O-O Bd7 5.Re1 Nf6 6.h3 Ne5 7.a4 a6 8.Nxe5 axb5
9.Nxd7 Qxd7 10.Nc3 bxa4 11.d4 cxd4 12.Qxd4 e5 13.Qd3 Be7 14.b3 O-O 15.Nxa4 Qc6
16.Bg5 d5 17.exd5 Nxd5 18.Bxe7 Nxe7 19.Rad1 Ng6 20.c4 Rfe8 21.Qd5 Qf6 22.Nc5 Nf4
23.Qxb7 Ra2 24.Qf3 Nxh3+ 25.Kh2 Qxf3 26.gxf3 Nxf2 27.Ra1 Rd2 28.Kg3 f5 29.Kh4 Nd3
30.Nxd3 Rxd3 31.f4 Rxb3 32.Rxe5 Rxe5 33.fxe5 h6 34.Rf1 g6 35.Ra1 Rc3 36.Ra4 Kf7
37.Ra7+ Ke6 38.Ra6+ Kxe5 39.Rxg6 Rxc4+ 40.Kg3 h5 41.Rh6 h4+ 42.Kg2 Rg4+ 43.Kf3 Ra4
44.Kg2 Rf4 45.Rh8 Ke4 46.Re8+ Kd3 47.Re5 Kd4 48.Re8 Re4 49.Rh8 Ke3 50.Rf8 f4
51.Ra8 f3+ 52.Kf1 h3 53.Rh8 Ra4 54.Re8+ Kf4 55.Rf8+ Kg3 56.Rg8+ Rg4 57.Rh8 h2  0-1

[Event "TCh-DEN XtraCon 2012-13"]
[Site "Denmark DEN"]
[Date "2012.10.27"]
[Round "1.4"]
[White "Christensen,To"]
[Black "Carstensen,J"]
[Result "1/2-1/2"]
[WhiteElo "2362"]
[BlackElo "2362"]

1.e4 c5 2.Nf3 d6 3.Bb5+ Nd7 4.d4 cxd4 5.Qxd4 a6 6.Bxd7+ Bxd7 7.Bg5 Qc7 8.Nc3 Bc6
9.O-O-O e5 10.Nd5 Bxd5 11.Qxd5 h6 12.Bd2 Nf6 13.Qd3 Rc8 14.Rhe1 Be7 15.Kb1 O-O
16.Nh4 d5 17.exd5 Rfd8 18.Nf5 Rxd5 19.Qc3 Bf8 20.Qxc7 Rxc7 21.Bc3 Rxd1+ 22.Rxd1 Ne4
23.Be1 g6 24.Ne3 Kg7 25.f3 Nc5 26.Ba5 Rd7 27.Rxd7 Nxd7 28.Kc1 f5 29.Kd2  1/2-1/2

[Event "39th ch-IND Premier w 2012"]
[Site "Jalgaon IND"]
[Date "2012.10.27"]
[Round "4.12"]
[White "Saranya,J"]
[Black "Harini,S"]
[Result "0-1"]
[WhiteElo "2166"]
[BlackElo "2013"]

1.e4 c5 2.Nf3 d6 3.Bb5+ Bd7 4.Bxd7+ Qxd7 5.O-O Nc6 6.c3 Nf6 7.Qe2 e6 8.d3 Be7
9.Ne1 e5 10.f4 exf4 11.Bxf4 O-O 12.Nd2 Ng4 13.h3 Nge5 14.Nc2 d5 15.Bxe5 Nxe5
16.Rf5 f6 17.Ne3 dxe4 18.dxe4 Rad8 19.Nd5 Qe6 20.Raf1 Nf7 21.Re1 Bd6 22.Nc4 Bg3
23.Ref1 Nh6 24.Rh5 f5 25.Rg5 Rxd5 26.Rxg3 fxe4 27.Rxf8+ Kxf8 28.Re3 Nf5 29.Rxe4 Qd7
30.Ne5 Qd6 31.Nf3 Rd1+ 32.Ne1 g6 33.Re6 Qd7 34.g4 Ng7 35.Re5 Qd6 36.Qf3+ Kg8
37.Re2 Qd7 38.Qe4 Qd6 39.Kf2 Qh2+ 40.Ng2 Rd8 41.Qc4+ Kh8 42.Qf7 Qxh3 43.Re7 Rg8
44.Qf4 Qd3 45.Rxb7 Qc2+ 46.Kg3 Nh5+ 47.gxh5 gxh5+ 48.Kh4 Rg4+ 49.Qxg4 hxg4
50.Nf4 Qe4 51.Rf7 Kg8 52.Rf6 Qe5 53.Nh5 g3 54.Rf4 g2 55.Rg4+ Kf8 56.Rxg2 Qe7+
57.Kh3 Qe6+ 58.Kh4 Qxa2 59.Nf4 Qc4 60.Rf2 Ke7 61.Kg3 Qg8+ 62.Kf3 Kd6 63.Rd2+ Kc6
64.Rg2 Qf7 65.Ke3 a5 66.Nd3 Qe6+ 67.Kd2 Qd5 68.Rg4 c4 69.Rxc4+ Qxc4 70.Ne5+ Kd5
71.Nxc4 Kxc4 72.Ke3 a4 73.Kf2  0-1